00458nam a22001577a 450000500170000001000150001702000300003203500140006203700130007608200110008910000180010024500610011826000470017927000540022630000200028020220906113202.0 aENG-134902 c395.00a978-81-89917-92-0 aEN-118434 bDBAD/PUB a881.08 aSharma, Aruna aUse of myths in the poetry of Ted Hughes/ cAruna Kumari c2011bVishvabharti PublicationsaNew Delhi a4378/4B Ansari Road, DaryaganjbNew Delhie110002 a106p.c21cm(hb)